Successful Sunday school teaching. (Record no. 14209)

000 -LEADER
fixed length control field 00489nam a2200169 a 4500
001 - CONTROL NUMBER
control field :::00012036$&:&@@
003 - CONTROL NUMBER IDENTIFIER
control field OkBaRHE
005 - DATE AND TIME OF LATEST TRANSACTION
control field 20120203153307.0
008 - FIXED-LENGTH DATA ELEMENTS--GENERAL INFORMATION
fixed length control field s1935 j 000 0 eng u
040 ## - CATALOGING SOURCE
Transcribing agency
100 1# - MAIN ENTRY--PERSONAL NAME
Personal name Pearlman, Myer
9 (RLIN) 1979
Dates associated with a name 1898-1943.
245 10 - TITLE STATEMENT
Title Successful Sunday school teaching.
260 ## - PUBLICATION, DISTRIBUTION, ETC. (IMPRINT)
Place of publication, distribution, etc Springfield, MO., :
Name of publisher, distributor, etc Gospel Publishing House
Date of publication, distribution, etc 1935
300 ## - PHYSICAL DESCRIPTION
Extent 110 p. ;
Dimensions 19 cm.
650 ## - SUBJECT ADDED ENTRY--TOPICAL TERM
Topical term or geographic name as entry element Assemblies of God, Sunday schools.
9 (RLIN) 1984
942 ## - ADDED ENTRY ELEMENTS (KOHA)
Source of classification or shelving scheme
Koha item type Books
Copies
Price effective from Permanent Location Source of classification or shelving scheme Withdrawn status Date acquired Lost status Copy number Damaged status Barcode Full call number Koha item type Shelving location Date last seen Not for loan
2010-04-14RHEMA Bible Training College  2010-04-14 1 12036BX 8769 .A3 P4BooksGeneral Stacks2010-04-14 
2010-04-14RHEMA Bible Training College  2010-04-14 2 16745BX 8769 .A3 P4BooksGeneral Stacks2010-04-14 
2010-04-14RHEMA Bible Training College  2010-04-14 3 16945BX 8769 .A3 P4BooksGeneral Stacks2010-04-14